Nordic Countries Quiz - Statistics

General Stats
  • This quiz has been taken 105 times
  • The average score is 5 of 5
Answer Stats
Country % Correct
Denmark
100%
Finland
99%
Norway
98%
Sweden
98%
Iceland
95%
No matching quizzes found
Score Distribution
Percent of People with Each Score
Percentile by Number Answered
Your Score History
You have not taken this quiz